Eastern Utah Libraries Catalog: Duchesne, Heber, Roosevelt, & Vernal

Vet emergencies 24/7 / (Record no. 268660)

MARC details
000 -LEADER
fixed length control field 01523nam a2200397Ia 4500
001 - CONTROL NUMBER
control field ocn243597173
003 - CONTROL NUMBER IDENTIFIER
control field OCoLC
005 - DATE AND TIME OF LATEST TRANSACTION
control field 20200320182902.0
008 - FIXED-LENGTH DATA ELEMENTS--GENERAL INFORMATION
fixed length control field 080812s2007 iaua j 000 0 eng d
020 ## - INTERNATIONAL STANDARD BOOK NUMBER
International Standard Book Number 9780696239793 (trade pbk.)
020 ## - INTERNATIONAL STANDARD BOOK NUMBER
International Standard Book Number 0696239795 (trade pbk.)
020 ## - INTERNATIONAL STANDARD BOOK NUMBER
Terms of availability 19.96
035 ## - SYSTEM CONTROL NUMBER
System control number (OCoLC)243597173
040 ## - CATALOGING SOURCE
Original cataloging agency GZK
Transcribing agency GZK
Modifying agency BAKER
-- WACOL
049 ## - LOCAL HOLDINGS (OCLC)
Holding library WACL
092 ## - LOCALLY ASSIGNED DEWEY CALL NUMBER (OCLC)
Classification number J636
Item number Eve
100 1# - MAIN ENTRY--PERSONAL NAME
Personal name Evento, Susan.
9 (RLIN) 51041
245 10 - TITLE STATEMENT
Title Vet emergencies 24/7 /
Statement of responsibility, etc Susan Evento ; designed by On-Purpos, Inc.
246 3# - VARYING FORM OF TITLE
Title proper/short title Vet emergencies twenty-four/seven
250 ## - EDITION STATEMENT
Edition statement First Edition.
260 ## - PUBLICATION, DISTRIBUTION, ETC. (IMPRINT)
Place of publication, distribution, etc Des Moines, Iowa :
Name of publisher, distributor, etc Meredith Books,
Date of publication, distribution, etc c2007.
300 ## - PHYSICAL DESCRIPTION
Extent 48 p. :
Other physical details col. ill. ;
Dimensions 28 cm.
500 ## - GENERAL NOTE
General note Based on the television program Emergency Vets broadcast on the Animal Planet television network.
520 ## - SUMMARY, ETC.
Summary, etc "Animal behavior tips--make your home pet safe--how to become a vet."--Cover.
650 #0 - SUBJECT ADDED ENTRY--TOPICAL TERM
Topical term or geographic name as entry element Animal behavior.
9 (RLIN) 5846982
650 #0 - SUBJECT ADDED ENTRY--TOPICAL TERM
Topical term or geographic name as entry element First aid for animals.
9 (RLIN) 5846983
650 #0 - SUBJECT ADDED ENTRY--TOPICAL TERM
Topical term or geographic name as entry element Veterinary emergencies.
9 (RLIN) 5846984
650 #0 - SUBJECT ADDED ENTRY--TOPICAL TERM
Topical term or geographic name as entry element Veterinarians
General subdivision Vocational guidance.
9 (RLIN) 5846985
710 2# - ADDED ENTRY--CORPORATE NAME
Corporate name or jurisdiction name as entry element Animal Planet (Television network)
9 (RLIN) 52361
710 2# - ADDED ENTRY--CORPORATE NAME
Corporate name or jurisdiction name as entry element Discovery Communications, Inc.
9 (RLIN) 61319
938 ## -
-- Baker & Taylor
-- BKTY
-- 6.99
-- 5.24
-- 0696239795
-- 0007470702
-- active
942 ## - ADDED ENTRY ELEMENTS (KOHA)
Koha item type BOOK
948 ## - LOCAL PROCESSING INFORMATION (OCLC); SERIES PART DESIGNATOR (RLIN)
Series part designator, SPT (RLIN) 11/05/2008
z (OCLC) Sirsi
994 ## -
-- 02
-- WACOL
996 ## -
-- 66689
-- 34301000785396
-- JNF
-- bk
-- wcl
-- i
-- 11
-- 19.96
-- Penworthy
-- 636.7 Eve
-- 11/07/2008
-- 09/25/2018
-- 09/19/2018
Holdings
Withdrawn status Lost status Source of classification or shelving scheme Damaged status Not for loan Collection code Home library Current library Shelving location Date acquired Source of acquisition Cost, normal purchase price Total Checkouts Total Renewals Full call number Barcode Date last seen Date checked out Cost, replacement price Price effective from Koha item type
    Dewey Decimal Classification     Junior NonFiction Wasatch County Library Wasatch County Library Second Floor 11/07/2008 Penworthy 19.96 13 4 J 636.7 Eve 34301000785396 12/26/2025 04/13/2024 19.96 03/20/2020 BOOK
This project was made possible through a grant from the Institute of Museum and Library Service administered by the Utah State Library Division.

Wasatch County Library

  • 465 East 1200 South, Heber City, Utah 84032
  • Phone 435-654-1511 | Fax 435-654-6456

Hours

  • Monday - Friday 9:30 AM - 8:00 PM
  • Saturday 9:30 AM - 1:30 PM
  • Closed Sundays and Holidays